Library Banner

Fundamentals of electric circuits / (Record no. 105044)

MARC details
000 -LEADER
fixed length control field 00685cam a2200229 i 4500
001 - CONTROL NUMBER
control field 18775448
005 - DATE AND TIME OF LATEST TRANSACTION
control field 20181024101922.0
008 - FIXED-LENGTH DATA ELEMENTS--GENERAL INFORMATION
fixed length control field 150909s2017 nyu 001 0 eng
020 ## - INTERNATIONAL STANDARD BOOK NUMBER
International Standard Book Number 9780078028229 (alk. paper)
020 ## - INTERNATIONAL STANDARD BOOK NUMBER
International Standard Book Number 0078028221 (alk. paper)
040 ## - CATALOGING SOURCE
Transcribing agency PK-LaUMT
082 00 - DEWEY DECIMAL CLASSIFICATION NUMBER
Classification number 621.3815
Edition number 23
Item number ALE-F
100 1# - MAIN ENTRY--PERSONAL NAME
Personal name Alexander, Charles K.
245 10 - TITLE STATEMENT
Title Fundamentals of electric circuits /
Statement of responsibility, etc Charles K. Alexander and Matthew N. O. Sadiku
250 ## - EDITION STATEMENT
Edition statement 6th ed.
260 ## - PUBLICATION, DISTRIBUTION, ETC. (IMPRINT)
Place of publication, distribution, etc New York :
Name of publisher, distributor, etc McGraw Hill Education,
Date of publication, distribution, etc 2013
300 ## - PHYSICAL DESCRIPTION
Extent xxii, 903 p. ;
Dimensions 27 cm
500 ## - GENERAL NOTE
General note Includes index.
650 #0 - SUBJECT ADDED ENTRY--TOPICAL TERM
Topical term or geographic name as entry element Electric circuits.
700 1# - ADDED ENTRY--PERSONAL NAME
Personal name Sadiku, Matthew N. O.,
942 ## - ADDED ENTRY ELEMENTS (KOHA)
Koha item type Books
Holdings
Withdrawn status Lost status Damaged status Home library Current library Date acquired Full call number Barcode Date last seen Price effective from Koha item type Copy number
      UMT Main Campus UMT Main Campus 2018-06-01 621.3815 ALE-F 121928 2023-05-29 2018-06-01 Books  
      UMT Main Campus UMT Main Campus 2018-10-24 621.3815 ALE-F 126135 2025-10-28 2018-10-24 Books C. 2